| 000 | 00593nam a2200205 a 4500 | ||
|---|---|---|---|
| 005 | 20221125063742.0 | ||
| 008 | 090810s2006 mx r 000 0 spa d | ||
| 020 | _a9707707682 | ||
| 035 | _aUPN01000171791 | ||
| 049 | _aCG | ||
| 050 | 4 |
_aPN6222 M6 _bS3.3 |
|
| 100 | 1 |
_aSchmidt, Samuel, _d1950- |
|
| 245 | 1 | 0 |
_aChistes étnicos : _bla risa de todos contra todos / _cSamuel Schmidt. |
| 260 |
_aMéxico : _bPunto de lectura, _c2006. |
||
| 300 | _a210 p. | ||
| 440 | 0 |
_aPunto de lectura ; _v697.2 |
|
| 650 | 0 |
_aHumorismo y agudezas mexicanos _93035 |
|
| 650 | 2 |
_aRisa _910754 |
|
| 905 | _aLibro | ||
| 999 |
_c143895 _d143895 |
||